000
00175nam a22000977a 4500
041
_a
eng
080
_a
80
100
_a
Plakhotnik, V. M.
245
_a
English 9
999
_c
282092
_d
282092
942
_c
BK